Khoa học Đại học Đồng Tháp = Dong Thap University Journal of science
Saved in:
| Format: | Book |
|---|---|
| Language: | Undetermined |
| Published: |
Đồng Tháp
Trường Đại học Đồng Tháp
2020
|
| Subjects: | |
| Tags: |
Add Tag
No Tags, Be the first to tag this record!
|
| Institutions: | Trung tâm Học liệu Trường Đại học Cần Thơ |
|---|
| LEADER | 00564nam a2200181Ia 4500 | ||
|---|---|---|---|
| 001 | CTU_237344 | ||
| 008 | 210402s9999 xx 000 0 und d | ||
| 082 | |a 378 | ||
| 082 | |b Kh401 | ||
| 245 | 0 | |a Khoa học Đại học Đồng Tháp = | |
| 245 | 0 | |b Dong Thap University Journal of science | |
| 245 | 0 | |c Trường Đại học Đồng Tháp | |
| 260 | |a Đồng Tháp | ||
| 260 | |b Trường Đại học Đồng Tháp | ||
| 260 | |c 2020 | ||
| 650 | |a Education | ||
| 904 | |i T.Trang | ||
| 980 | |a Trung tâm Học liệu Trường Đại học Cần Thơ | ||